000 00953cam a2200217 4500
001 ABS64146
008 000000n2001 000 0 eng u
035 _a(Sirsi) u113413
100 _aWhite, D.
245 _aMapping airborne gamma-ray data using GIS
260 _c2001
490 _aSurveying World
_v9(4) May/June 2001, 24-27(4)
520 _aThe author, winner of the RICS Geomatics Prize 2000, introduces airborne gamma-ray spectrometry (AGS) whereby nuclear radiation is detected by low-flying aircraft reducing the time taken to produce radioactivity maps. Includes discussion of line spacing and scale issues and the interpretation and presentation of the data in a meaningful fashion through a case study of Inner Solway Firth. References.
590 _aABS
650 _aAIRBORNE GAMMA-RAY SPECTROMETRY
650 _aGAMMA-RAYS
650 _aGAMMA RAYS
650 _aRADIATION MAPPING
690 _aGeomatics
_96242
942 _n0
999 _c67572
_d67572